[Event "Match"]
[Site "www.echecsemail.com"]
[Date "2018.06.26"]
[Round "1"]
[White "Guidom"]
[Black "Alessiov"]
[WhiteElo "2140"]
[BlackElo "1569"]
[Result "0-1"]
[Round "1"]
1.Ng1f3 d5
2.d4 Ng8f6
3.c3 c5
4.e3 e6
5.Bf1e2 b6
6.dxc5 Bf8xc5
7.O-O Bc8b7
8.Nb1d2 O-O
9.Nf3d4 e5
10.Nd4b3 Bc5d6
11.h3 Qd8c7
12.Rf1e1 Nb8c6
13.Nd2f1 Rf8d8
14.Qd1c2 Ra8c8
15.Qc2f5 Nf6e4
16.Be2d3 g6
17.Qf5g4 f5
18.Qg4h4 Bd6e7
19.Qh4h6 Be7g5
{ resign }
0-1

[Event "Match"]
[Site "www.echecsemail.com"]
[Date "2018.06.26"]
[Round "1"]
[White "Eeze"]
[Black "Cal"]
[WhiteElo "1719"]
[BlackElo "1660"]
[Result "1-0"]
[Round "1"]
1.e4 e5
2.Ng1f3 d6
3.h3 a6
4.c3 Nb8c6
5.d3 h6
6.Bf1e2 Bc8e6
7.O-O Bf8e7
8.b4 b5
9.d4 exd4
10.Nf3xd4 Nc6e5
11.Nd4xe6 fxe6
12.Be2h5 g6
13.Bh5e2 Be7f6
14.a4 bxa4
15.Qd1xa4 Ne5d7
16.Bc1b2 Ng8e7
17.Nb1d2 O-O
18.Qa4c2 Nd7e5
19.Rf1e1 c6
20.Be2xa6 h5
21.Ba6e2 Ra8xa1
22.Re1xa1 Bf6g5
23.Nd2c4 Ne5f7
24.Nc4a5 Nf7e5
25.f3 h4
26.c4 Bg5e3
27.Kf1 Be3f4
28.Ra1d1 g5
29.Qc2a4 Ne7c8
30.Bb2xe5 Bf4xe5
31.Na5xc6 Qd8c7
32.Nc6xe5 dxe5
33.c5 Nc8a7
34.Rd1d6 Na7c8
35.Rd6xe6 Kg7
36.Be2c4 Nc8e7
37.Re6a6 Ne7c8
38.Ra6c6 Qc7a7
39.Rc6a6 Qa7b8
40.Qa4d7 Nc8e7
41.Qd7xe7 Kh8
42.Ra6h6 { resign }
1-0

[Event "Match"]
[Site "www.echecsemail.com"]
[Date "2018.06.26"]
[Round "1"]
[White "Darknight"]
[Black "Paes19"]
[WhiteElo "1840"]
[BlackElo "2010"]
[Result "0-1"]
[Round "1"]
1.e4 e6
2.e5 d6
3.exd6 Bf8xd6
4.d4 Ng8f6
5.Bc1g5 h6
6.Bg5h4 Bd6e7
7.Qd1f3 c6
8.c3 O-O
9.Nb1d2 Nb8d7
10.a3 Nf6h7
11.g3 Be7xh4
12.gxh4 Qd8xh4
13.O-O-O c5
14.dxc5 Nd7xc5
15.Ng1h3 e5
16.Rd1e1 Bc8xh3
17.Bf1xh3 Qh4f4
18.Qf3xf4 exf4
19.Kb1 Nh7g5
20.Bh3g4 f5
21.Bg4h5 Rf8f6
22.Bh5e2 Ra8d8
23.Nd2f3 Ng5e4
24.Ka2 Ne4xf2
25.Rh1g1 Rf6b6
26.Nf3d4 Nf2d3
27.Be2xd3 Nc5xd3
28.Re1e2 Rb6f6
29.Nd4e6 f3
30.Re2e3 f2
31.Rg1f1 Rd8d6
32.Ne6d4 Nd3c5
33.Rf1xf2 g6
34.Re3g3 Kh7
35.Rf2f1 a6
36.h4 Rd6d5
37.Rg3h3 Nc5e6
38.Nd4xe6 Rf6xe6
39.Rf1f2 Rd5e5
40.Rh3h2 Kg7
41.Rf2g2 f4
42.h5 g5
43.Rg2f2 Re5e3
44.Rh2g2 f3
45.Rg2g1 Re6e4
46.Rg1f1 g4
47.Rf1g1 Kf6
48.Rg1f1 Kg5
49.Kb3 Kxh5
50.a4 Kg5
51.a5 h5
52.Rf2d2 h4
53.Rd2d7 Re4e7
54.Rd7d8 g3
55.Rd8g8 Kh5
56.Rg8h8 Kg4
57.Rf1h1 g2
58.Rh1xh4 Kg3
59.Rh4h3 Kf2
60.Rh3h2 Re7g7
61.Rh8h3 Rg7g3
62.Rh3h4 Kf1
63.Rh2h1 g1Q
64.Rh1xg1 Kxg1
65.Rh4h7 f2
66.Rh7xb7 f1Q
67.Kb4 Rg3g4
68.Kc5 Re3e6
69.b4 Qf1f5

0-1

[Event "Match"]
[Site "www.echecsemail.com"]
[Date "2018.06.26"]
[Round "1"]
[White "Pwain"]
[Black "Tonino1"]
[WhiteElo "2560"]
[BlackElo "2200"]
[Result "1-0"]
[Round "1"]
1.e4 d6
2.d4 Ng8f6
3.Nb1c3 c6
4.Ng1f3 Qd8c7
5.e5 dxe5
6.dxe5 Nf6g4
7.Bc1f4 g6
8.h3 Ng4h6
9.Qd1d2 Nh6f5
10.e6 Qc7a5
11.exf7 Kxf7
12.Bf1c4 e6
13.g4 Nf5e7
14.Bf4xb8 Ra8xb8
15.Qd2f4  { time }
1-0

[Event "1/32 Finale"]
[Site "www.chess-mail.com"]
[Date "2018.06.26"]
[Round "1"]
[White "Asoka"]
[Black "Ssharp"]
[WhiteElo "2670"]
[BlackElo "2170"]
[Result "1-0"]
[Round "1"]
1.c4 c5
2.Nb1c3 Nb8c6
3.e3 g6
4.d4 cxd4
5.exd4 Bf8g7
6.d5 Nc6b8
7.Ng1f3 d6
8.Bc1g5 Ng8f6
9.Bf1e2 O-O
10.O-O Bc8g4
11.Nf3d4 Bg4xe2
12.Qd1xe2 Nb8d7
13.Qe2d2 Rf8e8
14.Ra1d1 a6
15.Rf1e1 Ra8c8
16.b3 Qd8a5
17.h3 Rc8c7
18.Re1e3 h6
19.Bg5f4 Rc7c8
20.Rd1e1 Bg7f8
21.Re3e2 Kh7
22.Bf4g3 Qa5c7
23.Bg3h4 Qc7a5
24.f4 Kg7
25.g4 Kh7
26.Kg2 Nf6g8
27.Re2e3 Nd7b8
28.g5 h5
29.f5 Nb8d7
30.fxg6 fxg6
31.Nd4e6 Bf8g7
32.Bh4g3 Nd7e5
33.Qd2d4 Bg7h8
34.Re1f1 Ng8h6
35.gxh6 Kxh6
36.Qd4f4 Kh7
37.Re3xe5 dxe5
38.Ne6g5 Kh6
39.Ng5f7 { resign }
1-0

[Event "Match"]
[Site "www.echecsemail.com"]
[Date "2018.06.27"]
[Round "1"]
[White "Juheset"]
[Black "Pinehill"]
[WhiteElo "1809"]
[BlackElo "2060"]
[Result "0-1"]
[Round "1"]
1.Ng1f3 Ng8f6
2.c4 g6
3.e3 Bf8g7
4.Nb1c3 O-O
5.d3 c6
6.Ra1b1 d5
7.cxd5 cxd5
8.Qd1b3 a6
9.Nf3d4 e5
10.Nd4f3 Nb8c6
11.Bc1d2 e4
12.dxe4 dxe4
13.Nf3g5 Qd8e7
14.Nc3d5 Nf6xd5
15.Qb3xd5 Rf8d8
16.Qd5xe4 Qe7xg5
17.h4 Qg5f6
18.Bd2c3 Qf6d6
19.Qe4c2 Bg7xc3
20.bxc3 Bc8f5
21.e4 Bf5xe4
22.Rb1d1 Qd6xd1
23.Qc2xd1 Rd8xd1
24.Kxd1 Ra8d8
25.Kc1 Nc6e5
26.f3 Be4d3
27.Bf1xd3 Ne5xd3
28.Kc2 Nd3f4
29.g3 Nf4d5
30.Rh1b1 b5
 { time }
0-1

[Event "Match"]
[Site "www.echecsemail.com"]
[Date "2018.06.27"]
[Round "1"]
[White "Guidom"]
[Black "J1j6"]
[WhiteElo "2140"]
[BlackElo "1809"]
[Result "1-0"]
[Round "1"]
1.e4 c6
2.d4 e6
3.c3 d5
4.e5 c5
5.Ng1f3 c4
6.Bf1e2 Ng8e7
7.O-O Ne7g6
8.Bc1e3 f6
9.Nb1d2 fxe5
10.Nf3xe5 Ng6xe5
11.dxe5 Bf8e7
12.Qd1c2 Nb8c6
13.Be2h5 g6
14.Bh5f3 Nc6xe5
15.Be3d4 Ne5xf3
16.Nd2xf3 O-O
17.Nf3e5 Qd8e8
18.Qc2d2 Be7d6
19.Qd2h6 Bd6xe5
20.Bd4xe5 Qe8f7
21.Ra1e1 b6
22.Re1e3 Qf7e7
23.Re3g3 Rf8f6
24.Rf1e1 Rf6f5
25.Re1e3 Qe7f7
26.Re3f3 Rf5xe5
27.h4 Re5f5
28.Rf3xf5 exf5
29.h5 f4
30.hxg6 fxg3
31.gxf7 Kxf7
32.Qh6xh7 Kf6
33.Qh7h4 Ke5
34.Qh4xg3 Ke4
35.Qg3e3 Kf5
36.Qe3e7 Bc8a6
37.Qe7d6 Ke4
38.f3 Kd3
39.Qd6xd5 Kc2
40.Qd5xa8 { resign }
1-0

[Event "Match"]
[Site "www.echecsemail.com"]
[Date "2018.06.27"]
[Round "1"]
[White "Dussek"]
[Black "Enting"]
[WhiteElo "1720"]
[BlackElo "1809"]
[Result "1-0"]
[Round "1"]
1.c4 g6
2.d4 Bf8g7
3.Nb1c3 Ng8f6
4.Ng1f3 d6
5.e4 c6
6.Bc1e3 e6
7.Bf1e2 Nb8d7
8.O-O e5
9.d5 cxd5
10.cxd5 O-O
11.b4  { time }
1-0

[Event "Match"]
[Site "www.echecsemail.com"]
[Date "2018.06.27"]
[Round "1"]
[White "Tonino1"]
[Black "Babedad"]
[WhiteElo "2230"]
[BlackElo "2110"]
[Result "0-1"]
[Round "1"]
1.d4 Ng8f6
2.g4 Nf6xg4
3.e4 d6
4.Bf1e2 Ng4f6
5.Nb1c3 g6
6.Bc1e3 Bf8g7
7.f3 c6
8.Qd1d2 b5
9.O-O-O Qd8a5
10.Kb1 b4
11.Be3h6 bxc3
12.bxc3 Bg7xh6
13.Qd2xh6 Nb8a6
14.h4 Qa5a3
15.Qh6c1 Ra8b8
 { time }
0-1

[Event "Tourn. n9823"]
[Site "www.echecsemail.com"]
[Date "2018.06.27"]
[Round "1"]
[White "Liencam2"]
[Black "Tonino1"]
[WhiteElo "2290"]
[BlackElo "2080"]
[Result "1-0"]
[Round "1"]
1.e4 d6
2.d4 Ng8f6
3.Nb1c3 c6
4.f4 Bc8g4
5.Qd1d3 Qd8c7
6.Ng1f3 Nb8d7
7.Bf1e2 e5
8.O-O Bf8e7
9.Bc1e3 O-O
10.Ra1e1 a6
11.f5 Bg4xf3
12.Be2xf3 Ra8d8
13.Qd3e2 exd4
14.Be3xd4 Nd7e5
15.Bd4xe5 dxe5
16.Kh1 Rd8d4
17.Re1d1 Rf8d8
18.g4 Be7b4
19.g5 Bb4xc3
20.gxf6 Bc3xb2
21.Qe2g2 g6
22.h4 Rd4xd1
23.Bf3xd1 Qc7d6
24.Qg2g5 Qd6d2
25.Qg5g4 Qd2h6
26.Bd1e2 Kh8
27.Be2c4 Bb2c1
28.Bc4xf7 gxf5
29.Rf1xf5 Bc1b2
30.Rf5g5 Qh6f8
31.Rg5g8 Qf8xg8
32.Bf7xg8 Rd8xg8
33.Qg4d7 Bb2d4
34.Qd7xb7  { time }
1-0

[Event "1/128 Finale"]
[Site "www.chess-mail.com"]
[Date "2018.06.27"]
[Round "1"]
[White "Fabos12"]
[Black "Juheset"]
[WhiteElo "1870"]
[BlackElo "1809"]
[Result "1-0"]
[Round "1"]
1.d4 Ng8f6
2.c4 c6
3.Nb1c3 e6
4.a3 d6
5.Bc1g5 Bf8e7
6.e3 Bc8d7
7.Bf1d3 O-O
8.Ng1e2 h6
9.Bg5xf6 Be7xf6
10.Qd1c2 g6
11.Ne2f4 Qd8e7
12.d5 e5
13.Nf4e2 Kg7
14.O-O-O cxd5
15.Nc3xd5 Qe7d8
16.f4 Nb8c6
17.f5 g5
18.Ne2g3 Kh8
19.Ng3h5 Rf8g8
20.Nd5xf6 Rg8f8
21.Qc2e2 Nc6e7
22.Nh5g3 Bd7c6
23.Qe2h5 Kg7
24.h4 Kxf6
25.hxg5 hxg5
26.Qh5h6  { time }
1-0

[Event "1/128 Finale"]
[Site "www.chess-mail.com"]
[Date "2018.06.27"]
[Round "1"]
[White "Passaroa25"]
[Black "Enting"]
[WhiteElo "1650"]
[BlackElo "1809"]
[Result "1-0"]
[Round "1"]
1.Ng1f3 d5
2.d4 c6
3.c3 Bc8f5
4.e3 f6
5.Nf3h4 Bf5d7
6.Nh4f3 e5
7.Nb1d2 e4
8.Nf3g1 Bf8d6
9.Ng1e2  { time }
1-0

[Event "1/128 Finale"]
[Site "www.chess-mail.com"]
[Date "2018.06.27"]
[Round "1"]
[White "Hennie4820"]
[Black "Cybervincy"]
[WhiteElo "2070"]
[BlackElo "1499"]
[Result "0-1"]
[Round "1"]
1.e4 e6
2.d4 d5
3.Nb1d2 Ng8f6
4.e5 Nf6d7
5.Bf1d3 c5
6.c3 Nb8c6
7.Ng1e2 cxd4
8.cxd4 f6
9.f4 Bf8e7
10.O-O O-O
11.Nd2f3 a5
12.b3 Nc6b4
13.Bd3b5 b6
14.a3 Nb4a6
15.Bc1b2 Na6c7
16.Bb5c6 Ra8a7
17.Ne2c3 Bc8a6
18.Rf1f2 Nd7b8
19.Bc6a4 b5
20.Ba4xb5 Nc7xb5
21.Nc3xb5 Ba6xb5
22.Ra1c1 Qd8b6
23.Rf2c2 Bb5d7
24.h3 Qb6xb3
25.Kh2 Nb8c6
26.Qd1d2 Rf8b8
27.Nf3e1 fxe5
28.fxe5 a4
29.Ne1d3 Nc6a5
30.Nd3b4 Na5c4
31.Qd2e2 Be7xb4
32.axb4 Rb8xb4
33.Bb2a1 a3
34.Rc2c3 Qb3a4
35.Rc3g3 Bd7e8
36.Qe2g4 Qa4d7
37.Ba1c3 Rb4b3
38.Rc1f1 Be8g6
39.h4 a2
40.Qg4f3 Bg6f5
41.h5 a1Q
42.Bc3xa1 Rb3xf3
{ resign }
0-1

[Event "Tourn. n9797"]
[Site "www.chess-mail.com"]
[Date "2018.06.28"]
[Round "1"]
[White "Juheset"]
[Black "Osopanda"]
[WhiteElo "1809"]
[BlackElo "1870"]
[Result "0-1"]
[Round "1"]
1.Ng1f3 d5
2.d4 c6
3.Nb1c3 Bc8g4
4.e4 dxe4
5.Nc3xe4 e6
6.Bf1e2 Ng8f6
7.Ne4c5 Bf8xc5
8.dxc5 Qd8xd1
9.Be2xd1 O-O
10.O-O Nb8d7
11.Bc1e3 Ra8d8
12.h3 Bg4h5
13.c4 e5
14.g4 Bh5g6
15.Bd1e2 Nf6e4
16.Ra1d1 Ne4xc5
17.Be3xc5 Nd7xc5
18.Rd1xd8 Rf8xd8
19.Rf1e1 e4
20.Nf3h2 Nc5d3
21.Be2xd3 Rd8xd3
22.h4 h6
23.h5 Bg6h7
24.f4 f5
25.gxf5 Bh7xf5
26.Re1e2 Rd3h3
27.b3 Kf7
28.Kg2 Rh3xh5
29.Kg3 Rh5h3
30.Kg2 Rh3d3
31.b4 g5
32.fxg5 hxg5
33.Re2f2 Kg6
34.b5 cxb5
 { time }
0-1

[Event "Tourn. n9748"]
[Site "www.chess-mail.com"]
[Date "2018.06.28"]
[Round "1"]
[White "Falcoale"]
[Black "Claymil"]
[WhiteElo "1860"]
[BlackElo "2000"]
[Result "1/2-1/2"]
[Round "1"]
1.e4 c5
2.f4 Nb8c6
3.Ng1f3 g6
4.d4 cxd4
5.Nf3xd4 Bf8g7
6.c3 a6
7.Bf1e2 Qd8c7
8.Bc1e3 e6
9.O-O Ng8e7
10.Nb1d2 O-O
11.a3 b5
12.Nd2b3 d6
13.Nd4xc6 Ne7xc6
14.Be2f3 Bc8b7
15.Nb3d4 Ra8c8
16.Be3f2 Rf8d8
17.Nd4xc6 Bb7xc6
18.Rf1e1 Qc7b7
19.Qd1c2 d5
20.exd5 Bc6xd5
21.Bf3xd5 Rd8xd5
22.Ra1c1 Rd5f5
23.Bf2g3 Bg7h6
24.Re1f1 Rc8c4
25.b3 Rc4c8
26.Qc2d3 Rf5d5
27.Qd3f3 Qb7d7
28.Bg3h4 Rd5d3
29.Qf3g4 Rd3xc3
30.Rc1d1 Qd7c6
31.Rd1b1 Qc6c5
32.Bh4f2 Qc5xa3
33.Rf1d1 Rc3xb3
34.Rb1a1 Qa3b4
35.Bf2e3 Rb3xe3
36.Rd1f1 Bh6g7
37.Ra1d1 h5
38.Qg4g5 Kh7
39.Qg5h4 Rc8c2
40.Rd1d7 Re3e2
41.Rd7xf7 Re2xg2
42.Kh1 Qb4e4
43.Rf7xg7 Kxg7
44.Qh4e7 Kh6
45.Qe7f8 Kh7
{ draw }
1/2-1/2

[Event "Tourn. n9868"]
[Site "www.echecsemail.com"]
[Date "2018.06.28"]
[Round "1"]
[White "J1j6"]
[Black "Bojan"]
[WhiteElo "2019"]
[BlackElo "2100"]
[Result "0-1"]
[Round "1"]
1.Ng1f3 g6
2.d4 Bf8g7
3.e4 c6
4.c3 d5
5.exd5 Qd8xd5
6.Bf1e2 Ng8f6
7.b3 Bc8f5
8.Be2c4 Qd5e4
9.Qd1e2 Nb8d7
10.Qe2xe4 Bf5xe4
11.Nb1d2 Be4c2
12.O-O Nd7b6
13.Nf3e5 Nf6d5
14.Nd2f3 Nb6xc4
15.Ne5xc4 Nd5xc3
16.Bc1b2 Nc3e2
17.Kh1 O-O-O
18.Nf3e5 Rh8f8
19.Rf1e1 Ne2xd4
20.Bb2a3 Bg7f6
21.f4 Nd4b5
22.Ba3c5 Nb5d6
23.Bc5xa7 Nd6xc4
24.bxc4 Bf6g7
25.Ba7b6 Rd8e8
26.Re1e2 Bc2f5
27.Ra1d1 f6
28.Ne5f3 e5
29.fxe5 fxe5
30.Nf3g5 h6
31.Ng5f3 e4
32.Rd1e1 Bg7c3
33.Re1c1 exf3
34.Re2xe8 Rf8xe8
35.Rc1xc3 Re8e1
36.Bb6g1 f2
{ resign }
0-1

[Event "Match"]
[Site "www.echecsemail.com"]
[Date "2018.06.28"]
[Round "1"]
[White "Joseph1983"]
[Black "Cathar"]
[WhiteElo "2210"]
[BlackElo "2169"]
[Result "0-1"]
[Round "1"]
1.Ng1f3 f5
2.g3 Ng8f6
3.Bf1g2 g6
4.d3 Bf8g7
5.Nb1d2 d6
6.O-O e5
7.e4 fxe4
8.dxe4 Nb8c6
9.c3 a5
10.a4 O-O
11.Qd1b3 Kh8
12.Rf1e1 Nf6d7
13.h3 Nd7c5
14.Qb3c2 Bc8e6
15.Ra1a3 Bg7h6
16.b3 Qd8d7
17.Kh2 Rf8f7
18.Nd2f1 Bh6xc1
19.Re1xc1 Ra8f8
20.Nf1d2 g5
21.Nf3xg5 Rf7xf2
22.Ng5xe6 Nc5xe6
23.h4 Ne6f4
24.gxf4 Qd7g4
{ resign }
0-1

[Event "Tourn. n9827"]
[Site "www.echecsemail.com"]
[Date "2018.06.28"]
[Round "1"]
[White "Juheset"]
[Black "Tonino1"]
[WhiteElo "2010"]
[BlackElo "2080"]
[Result "0-1"]
[Round "1"]
1.e3 d6
2.d4 Ng8f6
3.b3 c6
4.Bf1d3 g6
5.Bc1d2 Bf8g7
6.Nb1c3 O-O
7.h3 Qd8c7
8.f3 e5
9.dxe5 dxe5
10.Ng1e2 Bc8e6
11.Nc3e4 Nf6xe4
12.Bd3xe4 f5
13.Be4d3 e4
14.fxe4 Bg7xa1
15.Qd1xa1 fxe4
16.Bd3xe4 Qc7f7
17.Ne2f4 Be6d5
18.Be4xd5 cxd5
19.O-O g5
20.Nf4xd5 Qf7xd5
21.Rf1xf8 Kxf8
22.Qa1f6 Ke8
23.Bd2b4 Nb8c6
24.Qf6f8 Kd7
25.Qf8xa8 Nc6xb4
26.Qa8xa7 Nb4xc2
27.Qa7a4 Kd6
28.Kf2 Qd5d2
29.Kg1 Nc2xe3
30.Qa4a3 Kd5
 { time }
0-1

[Event "Match"]
[Site "www.echecsemail.com"]
[Date "2018.06.28"]
[Round "1"]
[White "Gidgud"]
[Black "Luzhin"]
[WhiteElo "2289"]
[BlackElo "2460"]
[Result "0-1"]
[Round "1"]
1.e4 c5
2.Ng1f3 d6
3.d4 cxd4
4.Nf3xd4 Ng8f6
5.Nb1c3 a6
6.Bf1e2 e6
7.O-O Bf8e7
8.Bc1e3 O-O
9.Qd1e1 b5
10.a3 Bc8b7
11.Be2f3 Qd8c7
12.Ra1d1 Nb8d7
13.Be3f4 Nd7e5
14.Bf4xe5 dxe5
15.Nd4b3 Rf8c8
16.Qe1e3 Nf6e8
17.Rd1d3 Ne8d6
18.Rf1d1 Nd6c4
19.Qe3c1 Bb7c6
20.Nb3d2 Be7g5
{ resign }
0-1

[Event "Tourn. n9836"]
[Site "www.echecsemail.com"]
[Date "2018.06.28"]
[Round "1"]
[White "Piekki"]
[Black "Szustan"]
[WhiteElo "2210"]
[BlackElo "2620"]
[Result "0-1"]
[Round "1"]
1.e4 e5
2.Ng1f3 Nb8c6
3.Bf1b5 a6
4.Bb5a4 Ng8f6
5.O-O Nf6xe4
6.d4 b5
7.Ba4b3 d5
8.dxe5 Bc8e6
9.c3 Bf8e7
10.Nb1d2 O-O
11.Bb3c2 f5
12.exf6 Ne4xf6
13.Rf1e1 Qd8d7
14.Nf3g5 Be6f5
15.Nd2f3 Be7d6
16.Nf3h4 Bf5xc2
17.Qd1xc2 h6
18.Ng5h3 Nf6g4
19.f3 Bd6xh2
20.Kh1 Bh2g3
{ resign }
0-1

[Event "Tourn. n9821"]
[Site "www.echecsemail.com"]
[Date "2018.06.28"]
[Round "1"]
[White "Juheset"]
[Black "Attatroll"]
[WhiteElo "1969"]
[BlackElo "2030"]
[Result "0-1"]
[Round "1"]
1.e3 a6
2.Bf1c4 e6
3.c3 d5
4.Bc4e2 Nb8c6
5.d4 Bf8d6
6.Bc1d2 Ng8f6
7.f3 O-O
8.Qd1c2 Bc8d7
9.Be2d3 h6
10.Ng1e2 Nf6h7
11.Bd3xh7 Kh8
12.Bh7d3 b5
13.b4 Qd8h4
14.Kd1 Qh4f2
15.f4 Nc6e7
16.h4 Qf2xg2
17.Rh1g1 Qg2h2
18.Bd2e1 Ne7f5
19.Bd3xf5 exf5
20.Be1g3 Qh2h3
21.Nb1d2 Rf8e8
22.Nd2f1 a5
23.Bg3e1 Re8xe3
24.Nf1xe3 Qh3xe3
25.Rg1g3 Qe3e7
26.Rg3g2 Qe7e3
27.Be1d2 Qe3f3
28.Rg2g3 Qf3f1
29.Bd2e1 Ra8e8
30.Qc2d2 axb4
31.cxb4 Bd6xb4
32.Qd2xb4 Qf1xe2
 { time }
0-1

[Event "Tourn. n9845"]
[Site "www.echecsemail.com"]
[Date "2018.06.28"]
[Round "1"]
[White "Reignblowcan"]
[Black "Coolant"]
[WhiteElo "2390"]
[BlackElo "2340"]
[Result "1-0"]
[Round "1"]
1.c4 Ng8f6
2.Nb1c3 g6
3.g3 Bf8g7
4.Bf1g2 O-O
5.d4 d6
6.Ng1f3 Nb8d7
7.O-O c6
8.b3 e5
9.e4 Rf8e8
10.h3 Qd8e7
11.Rf1e1 h6
12.Bc1e3 Kh7
13.d5 c5
14.Re1e2 a6
15.Nf3e1 Nd7f8
16.Ne1d3 Bc8d7
17.b4 b6
18.Nc3a4 Re8b8
19.Na4xb6 Rb8xb6
20.bxc5 Rb6b8
21.cxd6 Qe7xd6
22.c5 Qd6e7
23.c6 Bd7c8
24.Re2b2 Rb8xb2
25.Nd3xb2 Qe7b4
26.Nb2a4 Nf6xe4
27.a3 Ne4xf2
28.axb4 Nf2xd1
29.Ra1xd1 Bc8f5
30.Na4b6 Ra8e8
31.g4 { resign }
1-0

[Event "Tourn. n9814"]
[Site "www.echecsemail.com"]
[Date "2018.06.28"]
[Round "1"]
[White "Marbachess"]
[Black "Jazzy"]
[WhiteElo "2550"]
[BlackElo "2290"]
[Result "1-0"]
[Round "1"]
1.f4 d6
2.b3 Ng8f6
3.Bc1b2 Nb8d7
4.Ng1f3 e6
5.e3 Bf8e7
6.Bf1e2 b6
7.O-O Bc8b7
8.c4 O-O
9.Nb1c3 Rf8e8
10.d4 c6
11.Qd1d2 Nd7f8
12.Ra1d1 Nf8g6
13.Be2d3 Ng6f8
14.e4 g6
15.Rd1c1 Nf6h5
16.e5 Qd8c7
17.g4 Nh5g7
18.Nc3e4 Nf8d7
19.d5 c5
20.Ne4f6 Kh8
21.Nf6xe8 Ra8xe8
22.f5 exf5
23.exd6 Qc7xd6
24.Qd2h6 Be7f6
25.Nf3g5 { resign }
1-0

[Event "Match"]
[Site "www.echecsemail.com"]
[Date "2018.06.28"]
[Round "1"]
[White "Juheset"]
[Black "Mitja"]
[WhiteElo "1960"]
[BlackElo "1990"]
[Result "0-1"]
[Round "1"]
1.Ng1f3 d5
2.e4 dxe4
3.Nf3g5 Ng8f6
4.Bf1c4 e6
5.Nb1c3 Qd8d4
6.Bc4b5 c6
7.Bb5e2 h6
8.Ng5h3 Nb8d7
9.O-O Bf8d6
10.d3 exd3
11.Be2xd3 Qd4b6
12.Ra1b1 Qb6c7
13.g3 b5
14.Nh3f4 Nd7b6
15.Bc1e3 Nb6d5
16.Nc3xd5 Nf6xd5
17.Nf4xd5 cxd5
18.Bd3xb5 Bc8d7
19.Bb5d3 O-O
20.Qd1g4 e5
21.Qg4h5 Bd6e7
22.Be3xh6 gxh6
23.Qh5xh6 f5
24.Qh6g6 Kh8
25.g4 e4
26.Bd3e2 fxg4
27.Be2xg4 Bd7xg4
28.Qg6xg4 Rf8g8
29.Qg4xg8 Ra8xg8
30.Kh1 d4
31.Rf1d1 Qc7c6
 { time }
0-1

[Event "Match"]
[Site "www.echecsemail.com"]
[Date "2018.06.28"]
[Round "1"]
[White "J1j6"]
[Black "Dussek"]
[WhiteElo "1809"]
[BlackElo "1750"]
[Result "1-0"]
[Round "1"]
1.Ng1f3 d5
2.g3 Nb8c6
3.Bf1g2 Bc8g4
4.d3 e6
5.O-O Ng8f6
6.b3 Bf8e7
7.e3 O-O
8.Bc1b2 Qd8d7
9.Nb1d2 Ra8d8
10.Qd1e1 Bg4xf3
11.Bg2xf3 Nc6b4
12.Qe1c1 Rd8c8
13.a3 Nb4c6
14.b4 a6
15.Bf3g2 e5
16.Nd2f3 Be7d6
17.Nf3d2 Rf8e8
18.c4 Nc6e7
19.c5 { resign }
1-0

[Event "Match"]
[Site "www.echecsemail.com"]
[Date "2018.06.28"]
[Round "1"]
[White "Fangshuo"]
[Black "Apdash"]
[WhiteElo "2130"]
[BlackElo "1810"]
[Result "0-1"]
[Round "1"]
1.e4 e5
2.Ng1f3 Nb8c6
3.d4 exd4
4.Nf3xd4 Bf8c5
5.Bc1e3 Nc6xd4
6.Be3xd4 Bc5xd4
7.Qd1xd4 Qd8f6
8.e5 Qf6b6
9.Qd4xb6 axb6
10.Nb1c3 Ng8e7
11.O-O-O O-O
12.Kb1 Ne7g6
13.Rd1e1 Ra8a5
14.Nc3b5 c6
15.b4 Ra5a4
{ resign }
0-1

[Event "Match"]
[Site "www.echecsemail.com"]
[Date "2018.06.28"]
[Round "1"]
[White "Bojan"]
[Black "J1j6"]
[WhiteElo "2100"]
[BlackElo "1699"]
[Result "0-1"]
[Round "1"]
1.e4 g6
2.d4 e5
3.dxe5 c6
4.Bc1e3 Bf8g7
5.f4 f6
6.exf6 Qd8xf6
7.c3 Ng8e7
8.Bf1c4 b5
9.Bc4d3 d6
10.g3 O-O
11.Nb1d2 Bc8e6
12.Qd1f3 Nb8d7
13.Ng1e2 d5
14.Nd2b3 a5
15.Nb3c5 Nd7xc5
16.Be3xc5 Rf8d8
17.g4 dxe4
18.Bd3xe4 Be6d5
19.Ne2g3 Bd5xe4
20.Qf3xe4 Rd8e8
21.O-O-O Ne7d5
22.Qe4f3 Nd5xf4
23.Bc5d4 Qf6g5
24.Bd4e3 Re8xe3
25.Qf3xc6 Ra8e8
26.a4 Nf4d3
27.Kc2 Nd3f2
28.Rd1d5 Qg5xg4
29.axb5 Qg4a4
30.Kd2 Bg7h6
{ resign }
0-1

[Event "Tourn. n9855"]
[Site "www.echecsemail.com"]
[Date "2018.06.28"]
[Round "1"]
[White "Andychesston"]
[Black "Fantomas"]
[WhiteElo "1990"]
[BlackElo "2090"]
[Result "1-0"]
[Round "1"]
1.e4 e5
2.Ng1f3 Nb8c6
3.d4 exd4
4.Nf3xd4 Qd8f6
5.Bc1e3 Nc6d8
6.Nb1c3 c6
7.a4 Bf8b4
8.Bf1d3 Nd8e6
9.Nd4xe6 dxe6
10.O-O Bb4xc3
11.bxc3 Qf6xc3
12.Be3d2 Qc3f6
13.Ra1a3 Qf6e7
14.Ra3b3 Qe7c7
15.f4 Bc8d7
16.Qd1b1 b6
17.a5 b5
18.a6 Qc7b6
19.Kh1 Qb6xa6
20.Qb1b2 Qa6c8
21.Qb2xg7 Qc8c7
22.Qg7xh8 O-O-O
23.Qh8xh7 a5
24.Rf1a1 a4
25.Ra1xa4 { resign }
1-0

[Event "Tourn. n9851"]
[Site "www.echecsemail.com"]
[Date "2018.06.28"]
[Round "1"]
[White "Alessiov"]
[Black "Cybervincy"]
[WhiteElo "1569"]
[BlackElo "1499"]
[Result "1-0"]
[Round "1"]
1.e4 e6
2.d4 d5
3.Nb1d2 Ng8f6
4.e5 Nf6d7
5.Bf1d3 c5
6.c3 Nb8c6
7.Ng1f3 Bf8e7
8.O-O O-O
9.Rf1e1 a6
10.Nd2f1 b5
11.Bd3c2 c4
12.Qd1d2 b4
13.Qd2f4 a5
14.Qf4g3 Rf8e8
15.Bc1h6 Be7f8
16.Nf1e3 a4
17.Ne3g4 Kh8
18.Nf3g5 Qd8e7
19.Bh6xg7 Bf8xg7
20.Qg3h4 { resign }
1-0

[Event "1/128 Finale"]
[Site "www.chess-mail.com"]
[Date "2018.06.28"]
[Round "1"]
[White "Silikon"]
[Black "Malbertan"]
[WhiteElo "1760"]
[BlackElo "2020"]
[Result "0-1"]
[Round "1"]
1.e4 Nb8c6
2.d4 d5
3.e5 Bc8f5
4.Bc1g5 f6
5.exf6 exf6
6.Bg5f4 Bf8d6
7.Bf4xd6 Qd8xd6
8.Ng1f3 O-O-O
9.Nb1c3 Ng8h6
10.Bf1e2 Rh8e8
11.O-O g5
12.Qd1d2 Nh6f7
13.Nf3e1 Bf5g6
14.a3 h5
15.Be2f3 Nc6e7
16.Nc3b5 Qd6b6
17.a4 Nf7d6
18.Bf3e2 Nd6e4
19.Qd2b4 Ne7c6
20.a5 Nc6xb4
21.axb6 axb6
22.Kh1 Ne4d2
23.Ra1a8 Kd7
24.Ra8xd8 Kxd8
25.Rf1g1 Re8xe2
26.c3 Nb4d3
27.Ne1xd3 Bg6xd3
28.Nb5a3 Nd2e4
29.Rg1f1 Ne4xf2
30.Kg1 Nf2g4
31.h3 Re2xg2
32.Kxg2 Ng4e3
33.Kf2 Ne3xf1
34.b4 g4
35.hxg4 hxg4
36.Kg2 Nf1e3
37.Kf2 Ne3d1
38.Kg3 f5
39.b5 Nd1xc3
40.Kf4 Nc3xb5
41.Na3xb5 Bd3xb5
42.Kg3 Ke7
43.Kf4 Kd6
44.Kg3 c5
45.dxc5 bxc5
46.Kf4 d4
47.Kxf5 g3
48.Kf4 g2
49.Ke4 g1Q
50.Kf3 Qg1e3
51.Kg4 Bb5e2
52.Kf5 Qe3e5
53.Kg6 Ke6
54.Kh7 Kf6
55.Kg8 Be2d3
56.Kf8 Qe5b8
{ resign }
0-1

[Event "Tourn. n9692"]
[Site "www.chess-mail.com"]
[Date "2018.06.29"]
[Round "1"]
[White "Greghghs"]
[Black "Numanoid"]
[WhiteElo "2620"]
[BlackElo "2420"]
[Result "1-0"]
[Round "1"]
1.d4 d5
2.c4 e6
3.Nb1c3 Ng8f6
4.Ng1f3 c6
5.Bc1g5 dxc4
6.e4 b5
7.e5 h6
8.Bg5h4 g5
9.Nf3xg5 hxg5
10.Bh4xg5 Nb8d7
11.g3 Bc8b7
12.Bf1g2 Qd8b6
13.exf6 c5
14.d5 O-O-O
15.O-O b4
16.Nc3a4 Qb6b5
17.a3 Nd7b8
18.axb4 cxb4
19.Qd1d4 Nb8c6
20.dxc6 Rd8xd4
21.cxb7 Kb8
22.Bg5e3 e5
23.b3 c3
24.Rf1d1 Bf8h6
25.Be3xd4 exd4
26.Rd1xd4 c2
27.Rd4c4 Qb5xc4
28.bxc4 Rh8d8
29.Bg2f3 c1Q
30.Ra1xc1 Bh6xc1
31.Na4c5 Rd8d6
32.Bf3d5 a5
33.Bd5xf7 Bc1b2
34.Bf7e8 Bb2xf6
35.h4 Bf6e7
36.Nc5b3 Kxb7
37.Nb3xa5 Kc7
38.Kg2 Rd6d3
39.h5 Be7f8
40.Na5c6 Rd3d2
41.Nc6a5 Rd2b2
42.g4 Bf8c5
43.h6 Rb2xf2
44.Kg3 { time. }
1-0

[Event "Tourn. n9768"]
[Site "www.chess-mail.com"]
[Date "2018.06.29"]
[Round "1"]
[White "Seger"]
[Black "Numanoid"]
[WhiteElo "2790"]
[BlackElo "2430"]
[Result "1-0"]
[Round "1"]
1.c4 e5
2.Nb1c3 Ng8f6
3.e4 Nb8c6
4.Ng1f3 Bf8b4
5.d3 d6
6.a3 Bb4xc3
7.bxc3 O-O
8.Bf1e2 Nc6e7
9.O-O Ne7g6
10.Bc1e3 h6
11.h3 b6
12.Rf1e1 Rf8e8
13.a4 a5
14.Be2f1 Bc8d7
15.Qd1c2 Ra8b8
16.Kh2 Nf6h7
17.d4 Qd8f6
18.c5 bxc5
19.dxc5 dxc5
20.Re1b1 Bd7c6
21.Rb1xb8 Re8xb8
22.Nf3d2 Nh7g5
23.f3 Ng6h4
24.Kh1 Ng5e6
25.Kh2 Rb8d8
26.Nd2c4 Rd8a8
27.Nc4d2 Ra8d8
28.Nd2c4 Rd8a8
29.Qc2f2 Bc6d7
30.Nc4d2 Ra8b8
31.Nd2c4 { time. }
1-0